SCOPUS, nová medicínska databáza alebo "európsky" impakt faktor

Bibliographic Details
Main Author: Kamenský, Gabriel, 1970- (Author)
Format: Article
Language:Slovak

MARC

LEADER 00000nab a2200000ua 4500
001 vtls010787773
003 SK-MaSNL
005 20260304030246.0
008 250310s2006 xo |||||||||||||||||slo|
035 |a (urnnbn)urn:nbn:sk:snk:ar-a05ry4 
035 |a (uuid)2300100a-b79e-4632-b470-ac7acc389a62 
035 |a urn:nbn:sk:snk-ab4uwa 
040 |a SNKBUCL  |b slo  |c SNKBUCL  |e AACR2 
041 0 |a slo 
044 |a xo  |c SK 
100 1 |a Kamenský, Gabriel,  |d 1970-  |4 aut  |9 7726 
245 1 0 |a SCOPUS, nová medicínska databáza alebo "európsky" impakt faktor  |c Gabriel Kamenský 
773 0 |t Kardiológia  |g Roč. 15, č. 2 (2006), s. 38 
958 |a OND 
958 |a article3 
999 |c 2632944  |d 2634874